<?xml version="1.0" encoding="UTF-8"?>
<record
    xmlns:xsi="http://www.w3.org/2001/XMLSchema-instance"
    xsi:schemaLocation="http://www.loc.gov/MARC21/slim http://www.loc.gov/standards/marcxml/schema/MARC21slim.xsd"
    xmlns="http://www.loc.gov/MARC21/slim">

  <leader>00564nam a22001577a 4500</leader>
  <controlfield tag="003">OSt</controlfield>
  <controlfield tag="005">20151117154845.0</controlfield>
  <controlfield tag="008">151117b        xxu||||| |||| 00| 0 eng d</controlfield>
  <datafield tag="040" ind1=" " ind2=" ">
    <subfield code="c">RUA</subfield>
  </datafield>
  <datafield tag="082" ind1=" " ind2=" ">
    <subfield code="a">FIS &#x178C;&#x17BB;&#x179B; 1991 B145 Or.1</subfield>
  </datafield>
  <datafield tag="100" ind1=" " ind2=" ">
    <subfield code="9">3818</subfield>
    <subfield code="a">&#x178C;&#x17BB;&#x179B; &#x179F;&#x17C6;&#x17C6;&#x17A2;&#x17B6;&#x1784;</subfield>
  </datafield>
  <datafield tag="245" ind1=" " ind2=" ">
    <subfield code="a">&#x179F;&#x17D2;&#x1790;&#x17B6;&#x1793;&#x1797;&#x17B6;&#x1796;&#x17A2;&#x1793;&#x17BB;&#x179C;&#x178F;&#x17D2;&#x178F;&#x1795;&#x17C2;&#x1793;&#x1780;&#x17B6;&#x179A;&#x17A2;&#x17B6;&#x1787;&#x17B8;&#x179C;&#x1780;&#x1798;&#x17D2;&#x1798;&#x1793;&#x17C1;&#x179F;&#x17B6;&#x1791;&#x179A;&#x1794;&#x179F;&#x17CB;&#x17A2;&#x1784;&#x17D2;&#x1782;&#x1795;&#x17B6;&#x1796;&#x1793;&#x17C1;&#x179F;&#x17B6;&#x1791;&#x179A;&#x178A;&#x17D2;&#x178B;&#x179B;&#x17BE;&#x1780;&#x178A;&#x17C2;&#x1780;</subfield>
  </datafield>
  <datafield tag="260" ind1=" " ind2=" ">
    <subfield code="a">Phnom Penh</subfield>
    <subfield code="b">RUA</subfield>
    <subfield code="c">1991</subfield>
  </datafield>
  <datafield tag="300" ind1=" " ind2=" ">
    <subfield code="a">83p.</subfield>
    <subfield code="b">ill.</subfield>
    <subfield code="c">29cm.</subfield>
  </datafield>
  <datafield tag="942" ind1=" " ind2=" ">
    <subfield code="2">ddc</subfield>
    <subfield code="c">FIS</subfield>
  </datafield>
  <datafield tag="999" ind1=" " ind2=" ">
    <subfield code="c">3551</subfield>
    <subfield code="d">3551</subfield>
  </datafield>
  <datafield tag="952" ind1=" " ind2=" ">
    <subfield code="0">0</subfield>
    <subfield code="1">0</subfield>
    <subfield code="2">ddc</subfield>
    <subfield code="4">0</subfield>
    <subfield code="6">FIS_&#x178C;&#x17BB;&#x179B;_1991_000000000000000_B145_OR_1</subfield>
    <subfield code="7">0</subfield>
    <subfield code="9">17090</subfield>
    <subfield code="a">LBB</subfield>
    <subfield code="b">LBB</subfield>
    <subfield code="c">B145</subfield>
    <subfield code="d">2015-11-17</subfield>
    <subfield code="o">FIS &#x178C;&#x17BB;&#x179B; 1991 B145 Or.1</subfield>
    <subfield code="p">RUA037556</subfield>
    <subfield code="r">2015-11-17</subfield>
    <subfield code="w">2015-11-17</subfield>
    <subfield code="y">FIS</subfield>
  </datafield>
  <datafield tag="952" ind1=" " ind2=" ">
    <subfield code="0">0</subfield>
    <subfield code="1">0</subfield>
    <subfield code="2">ddc</subfield>
    <subfield code="4">0</subfield>
    <subfield code="6">FIS_&#x178C;&#x17BB;&#x179B;_1991_000000000000000_B145_OR_2</subfield>
    <subfield code="7">0</subfield>
    <subfield code="9">17091</subfield>
    <subfield code="a">LBB</subfield>
    <subfield code="b">LBB</subfield>
    <subfield code="c">B145</subfield>
    <subfield code="d">2015-11-17</subfield>
    <subfield code="o">FIS &#x178C;&#x17BB;&#x179B; 1991 B145 Or.2</subfield>
    <subfield code="p">RUA037603</subfield>
    <subfield code="r">2015-11-17</subfield>
    <subfield code="w">2015-11-17</subfield>
    <subfield code="y">FIS</subfield>
  </datafield>
  <datafield tag="952" ind1=" " ind2=" ">
    <subfield code="0">0</subfield>
    <subfield code="1">0</subfield>
    <subfield code="2">ddc</subfield>
    <subfield code="4">0</subfield>
    <subfield code="6">FIS_&#x178C;&#x17BB;&#x179B;_1991_000000000000000_B145_OR_3</subfield>
    <subfield code="7">0</subfield>
    <subfield code="9">17092</subfield>
    <subfield code="a">LBB</subfield>
    <subfield code="b">LBB</subfield>
    <subfield code="c">B145</subfield>
    <subfield code="d">2015-11-17</subfield>
    <subfield code="o">FIS &#x178C;&#x17BB;&#x179B; 1991 B145 Or.3</subfield>
    <subfield code="p">RUA012751</subfield>
    <subfield code="r">2015-11-17</subfield>
    <subfield code="w">2015-11-17</subfield>
    <subfield code="y">FIS</subfield>
  </datafield>
  <datafield tag="952" ind1=" " ind2=" ">
    <subfield code="0">0</subfield>
    <subfield code="1">0</subfield>
    <subfield code="2">ddc</subfield>
    <subfield code="4">0</subfield>
    <subfield code="6">FIS_&#x178C;&#x17BB;&#x179B;_1991_000000000000000_B145_OR_4</subfield>
    <subfield code="7">0</subfield>
    <subfield code="9">17093</subfield>
    <subfield code="a">LBB</subfield>
    <subfield code="b">LBB</subfield>
    <subfield code="c">B145</subfield>
    <subfield code="d">2015-11-17</subfield>
    <subfield code="o">FIS &#x178C;&#x17BB;&#x179B; 1991 B145 Or.4</subfield>
    <subfield code="p">RUA012644</subfield>
    <subfield code="r">2015-11-17</subfield>
    <subfield code="w">2015-11-17</subfield>
    <subfield code="y">FIS</subfield>
  </datafield>
  <datafield tag="952" ind1=" " ind2=" ">
    <subfield code="0">0</subfield>
    <subfield code="1">0</subfield>
    <subfield code="2">ddc</subfield>
    <subfield code="4">0</subfield>
    <subfield code="6">FIS_&#x178C;&#x17BB;&#x179B;_1991_000000000000000_B145_OR_5</subfield>
    <subfield code="7">0</subfield>
    <subfield code="9">17094</subfield>
    <subfield code="a">LBB</subfield>
    <subfield code="b">LBB</subfield>
    <subfield code="c">B145</subfield>
    <subfield code="d">2015-11-17</subfield>
    <subfield code="o">FIS &#x178C;&#x17BB;&#x179B; 1991 B145 Or.5</subfield>
    <subfield code="p">RUA012319</subfield>
    <subfield code="r">2015-11-17</subfield>
    <subfield code="w">2015-11-17</subfield>
    <subfield code="y">FIS</subfield>
  </datafield>
  <datafield tag="952" ind1=" " ind2=" ">
    <subfield code="0">0</subfield>
    <subfield code="1">0</subfield>
    <subfield code="2">ddc</subfield>
    <subfield code="4">0</subfield>
    <subfield code="6">FIS_&#x178C;&#x17BB;&#x179B;_1991_000000000000000_B145_OR_6</subfield>
    <subfield code="7">0</subfield>
    <subfield code="9">17095</subfield>
    <subfield code="a">LBB</subfield>
    <subfield code="b">LBB</subfield>
    <subfield code="c">B145</subfield>
    <subfield code="d">2015-11-17</subfield>
    <subfield code="o">FIS &#x178C;&#x17BB;&#x179B; 1991 B145 Or.6</subfield>
    <subfield code="p">RUA012607</subfield>
    <subfield code="r">2015-11-17</subfield>
    <subfield code="w">2015-11-17</subfield>
    <subfield code="y">FIS</subfield>
  </datafield>
  <datafield tag="952" ind1=" " ind2=" ">
    <subfield code="0">0</subfield>
    <subfield code="1">0</subfield>
    <subfield code="2">ddc</subfield>
    <subfield code="4">0</subfield>
    <subfield code="6">FIS_&#x178C;&#x17BB;&#x179B;_1991_000000000000000_B145_OR_7</subfield>
    <subfield code="7">0</subfield>
    <subfield code="9">17096</subfield>
    <subfield code="a">LBB</subfield>
    <subfield code="b">LBB</subfield>
    <subfield code="c">B145</subfield>
    <subfield code="d">2015-11-17</subfield>
    <subfield code="o">FIS &#x178C;&#x17BB;&#x179B; 1991 B145 Or.7</subfield>
    <subfield code="p">RUA037065</subfield>
    <subfield code="r">2015-11-17</subfield>
    <subfield code="w">2015-11-17</subfield>
    <subfield code="y">FIS</subfield>
  </datafield>
</record>
